The dialect of Delhi. (Record no. 85756)

MARC details
000 -LEADER
fixed length control field 00836cam a2200241 4500
001 - CONTROL NUMBER
control field sa 68014400
003 - CONTROL NUMBER IDENTIFIER
control field DLC
005 - DATE AND TIME OF LATEST TRANSACTION
control field 20260227112631.0
008 - FIXED-LENGTH DATA ELEMENTS--GENERAL INFORMATION
fixed length control field 700203s1966 ii a 00000 eng
010 ## - LIBRARY OF CONGRESS CONTROL NUMBER
LC control number sa 68014400 //r84
025 ## - OVERSEAS ACQUISITION NUMBER
Overseas acquisition number PL480:I-E-6188s
050 0# - LIBRARY OF CONGRESS CALL NUMBER
Classification number DS335
Item number .S63 vol. 3
082 ## - DEWEY DECIMAL CLASSIFICATION NUMBER
Classification number 491.4/37
100 10 - MAIN ENTRY--PERSONAL NAME
Personal name Singh, Bahadur.
245 14 - TITLE STATEMENT
Title The dialect of Delhi.
260 0# - PUBLICATION, DISTRIBUTION, ETC.
Place of publication, distribution, etc. New Delhi
Name of publisher, distributor, etc. [Representative, South Asia Institute, University of Heidelberg]
Date of publication, distribution, etc. 1966.
300 ## - PHYSICAL DESCRIPTION
Extent 68 p.
Dimensions 25 cm.
440 #0 - SERIES STATEMENT/ADDED ENTRY--TITLE
Title South Asian studies,
Volume/sequential designation 3
500 ## - GENERAL NOTE
General note English or Hindi.
500 ## - GENERAL NOTE
General note "English abstract of the author's doctoral dissertation, Dilli nagar men ajkal prayukt khari boli ke vibhinn rup, Dilli Visva-Vidyalaya, 1962."
650 #0 - SUBJECT ADDED ENTRY--TOPICAL TERM
Topical term or geographic name entry element Khari Boli language.
710 20 - ADDED ENTRY--CORPORATE NAME
Corporate name or jurisdiction name as entry element Universität Heidelberg.
Subordinate unit Südasien-Institut.

No items available.

Powered by Koha